Name All 62 Original Goosebumps Books - Statistics

General Stats
  • This quiz has been taken 429 times
  • The average score is 27 of 62
Answer Stats
# Blurb Answer % Correct
3 "It's A Monster Blood Drive!" Monster Blood
90%
4 "One Picture Is Worth A Thousand Screams." Say Cheese And Die!
87%
7 "He Walks... He Stalks." Night Of The Living Dummy
83%
1 “It Will Just Kill You." Welcome To Dead House
79%
2 "Something's Waiting In The Dark..." Stay Out Of The Basement
75%
18 "He's One Hungry Hamster!" Monster Blood II
66%
11 "If Looks Could Kill..." The Haunted Mask
64%
29 "Evan's Growing Up Way Too Fast!" Monster Blood III
61%
12 "It Might Come True." Be Careful What You Wish For…
60%
31 "He's Still Walking... He's Still Stalking." Night Of The Living Dummy II
60%
14 "Who's Afraid Of The Big, Bad Wolf?" The Werewolf Of Fever Swamp
59%
62 "This Blood Is Bad To The Bone." Monster Blood IV
57%
20 "It's A Field Of Screams." The Scarecrow Walks At Midnight
56%
6 "Now You See Him, Now You Don't." Let’s Get Invisible!
55%
19 "Just When You Thought It Was Safe..." Deep Trouble
54%
40 "Every Dummy Has His Day... And Night!" Night Of The Living Dummy III
53%
10 "There's A Strange New Kid On The Block..." The Ghost Next Door
53%
9 "It's The Little Camp Of Horrors!" Welcome To Camp Nightmare
53%
22 "No Swimming. No Surfing. No Haunting." Ghost Beach
50%
13 "Play It Again, Hands!" Piano Lessons Can Be Murder
50%
8 "She's Got The Monster Of All Problems!" The Girl Who Cried Monster
49%
21 "Homework Was Never This Gross Before!" Go Eat Worms!
47%
17 "He's No Ordinary Human Bee-ing." Why I’m Afraid Of Bees
46%
24 "He's Out To Stop The Show... For Good!" Phantom Of The Auditorium
43%
15 "They're Coming For You." You Can’t Scare Me!
43%
25 "He's No Superhero. He's A Supervillain!" Attack Of The Mutant
42%
50 "Just Dial 555-CREEP!" Calling All Creeps!
42%
16 "Enter, If You Dare..." One Day At Horrorland
42%
28 "Keep Your Eye On The Birdie!" The Cuckoo Clock Of Doom
41%
36 "New Face. Old Nightmare." The Haunted Mask II
41%
58 "Something's Fishy... Again!" Deep Trouble II
40%
34 "Keep Off Their Grass!" Revenge Of The Lawn Gnomes
40%
30 "It's Warm... It's Breathing... And It Doesn't Do Dishes!" It Came From Beneath The Sink!
39%
23 "He's Back... From The Dead!" Return Of The Mummy
39%
38 "He's No Fun In The Sun." The Abominable Snowman Of Pasadena
39%
32 "Bad Dog. Really BAD Dog." The Barking Ghost
38%
5 "What Will Wake The Dead?" The Curse Of The Mummy’s Tomb
38%
35 "It's A Real Dead End." A Shocker On Shock Street
37%
49 "Open Wide And Say... Mouthwash!" Vampire Breath
37%
27 "It's Gonna Be A L-O-N-G Night!" A Night In Terror Tower
36%
41 "He's No Easter Bunny!" Bad Hare Day
36%
44 "Think Negative. Real Negative." Say Cheese and Die - Again!
36%
60 "All Dressed Up And No Place To Howl." Werewolf Skin
36%
42 "They're No Yolk!" Egg Monsters From Mars
33%
39 "Heads Up!" How I Got My Shrunken Head
33%
33 "Tennis... Ping Pong... Monsters... Anyone?" The Horror At Camp Jellyjam
33%
43 "He's A Real Animal!" The Beast From The East
32%
53 "It's A Finger Lickin' Nightmare!" Chicken Chicken
30%
45 "Be All That You Can't See!" Ghost Camp
30%
26 "It Keeps Growing... And Growing... And Growing..." My Hairiest Adventure
30%
52 "It's A Bird! It's A Plane. It's A... Kid?" How I Learned To Fly
29%
55 "He's No Picky Eater!" The Blob That Ate Everyone
29%
37 "Major Headache!" The Headless Ghost
29%
46 "Step 1: Run. Step 2: Run Faster." How To Kill A Monster
27%
47 "Finders Keepers!" Legend Of The Lost Legend
25%
48 "Put One Head In Front Of The Other." Attack Of The Jack-O’-Lanterns
24%
51 "He's Got A Heart Of Cold!" Beware, The Snowman
22%
54 "Rise And Shine. Forever." Don’t Go To Sleep!
22%
61 "Talk About A Monster Nightmare!" I Live In Your Basement!
22%
57 "Not Seeing Is Believing." My Best Friend Is Invisible
22%
59 "They're Watching You Learn... The Hard Way." The Haunted School
22%
56 "Last One In Is A Rotten... Ghost." The Curse Of Camp Cold Lake
20%
No matching quizzes found
Score Distribution
Percent of People with Each Score
Percentile by Number Answered
Your Score History
You have not taken this quiz